LEADER 02389nam0-2200373 --450 001 9910309654003321 005 20190329101310.0 012 $aS!IS e-t, t.n- cast (3) 1784 (A)$2fei$5IT-NA0338: B VI 34 012 $aS!IS e-t, t.n- cast (3) 1784 (A)$2fei$5IT-NA0338: O III 24 100 $a20190228d1784----kmuy0itay5050 ba 101 0 $alat 102 $aDE 140 $aa-----------------bb0------- 200 1 $aCaroli Petri Thunberg ... Flora iaponica sistens plantas insularum iaponicarum secundum systema sexuale emendatum redactas ad XX classes, ordines, genera et species cum differentiis specificis, synonymis paucis, descriptionibus, concinnis et XXXIX iconibus adiectis 210 $aLipsiae$cin bibliopolio I. G. Mulleriano$d1784 215 $aLII, 418, [2] p., 39 c. di tav., di cui 35 rip.$cill.$d8° 307 $aSegn.: *-3*? 4*² A-2C? 2D². - Le pp. 287 e 288 erroneamente numerate 289 e 290 316 $aCartiglio della libreria: "Meillac, libraire, cloitre S. Benoist à Paris" sul verso della carta di guardia anteriore$5IT-NA0338: B VI 34 317 $aTimbro ovale: "R. Orto Botanico di Napoli Biblioteca Tenoreana" sul front.$5IT-NA0338: B VI 34 317 $aTimbro ovale: "R. Orto Botanico di Napoli Biblioteca Tenoreana" a c. *2$5IT-NA0338: O III 24 517 1 $aFlora iaponica sistens plantas insularum iaponicarum secundum systema sexuale emendatum redactas ad XX classes, ordines, genera et species cum differentiis specificis, synonymis paucis, descriptionibus, concinnis et XXXIX iconibus adiectis 620 $aGermania.$dLipsia 676 $a581.9252$v23 700 1$aThunberg,$bCarl Peter$f<1743-1828>$0761270 719 00$aBibliopolio mulleriano$c$4650 801 0$aIT$bUNINA$gREICAT$2UNIMARC 856 4 $zVisualizza la versione elettronica in SBNWeb$uhttps://books.google.it/books?id=wP-aes6XbHUC&printsec=frontcover&hl=it&source=gbs_ge_summary_r&cad=0#v=onepage&q&f=false$e20190228 901 $aAQ 912 $a9910309654003321 952 $aB VI 34$b487$fDBV 952 $aO III 24$b2055$fDBV 959 $aDBV 996 $aCaroli Petri Thunberg ... Flora iaponica sistens plantas insularum iaponicarum secundum systema sexuale emendatum redactas ad XX classes, ordines, genera et species cum differentiis specificis, synonymis paucis, descriptionibus, concinnis et XXXIX iconibus adiectis$91545967 997 $aUNINA LEADER 04226nam 22008655 450 001 9910786065203321 005 20200918132840.0 010 $a1-283-94710-2 010 $a1-137-00079-1 024 7 $a10.1057/9781137000798 035 $a(CKB)2670000000316972 035 $a(EBL)1109250 035 $a(OCoLC)822223345 035 $a(SSID)ssj0001659656 035 $a(PQKBManifestationID)16440978 035 $a(PQKBTitleCode)TC0001659656 035 $a(PQKBWorkID)14987693 035 $a(PQKB)10870032 035 $a(SSID)ssj0000803235 035 $a(PQKBManifestationID)12380832 035 $a(PQKBTitleCode)TC0000803235 035 $a(PQKBWorkID)10805230 035 $a(PQKB)11109857 035 $a(DE-He213)978-1-137-00079-8 035 $a(MiAaPQ)EBC1109250 035 $a(EXLCZ)992670000000316972 100 $a20151126d2012 u| 0 101 0 $aeng 135 $aur|n|---||||| 181 $ctxt 182 $cc 183 $acr 200 10$aMyths of Wilderness in Contemporary Narratives$b[electronic resource] $eEnvironmental Postcolonialism in Australia and Canada /$fby K. Crane 205 $a1st ed. 2012. 210 1$aNew York :$cPalgrave Macmillan US :$cImprint: Palgrave Macmillan,$d2012. 215 $a1 online resource (239 p.) 225 1 $aLiteratures, Cultures, and the Environment 300 $aDescription based upon print version of record. 311 $a1-349-43342-X 311 $a1-137-00078-3 320 $aIncludes bibliographical references and index. 327 $aCover; Title; Copyright; Contents; Acknowledgments; Introduction; 1 Wilderness as Projection: Reading Practices and Aritha van Herk's Places Far from Ellesmere; 2 Wilderness as Liminal Space: Tim Winton's Dirt Music and Problems of the Map; 3 Wilderness Beyond Frontiers: Matrices of Belonging in Kim Mahood's Craft for a Dry Lake; 4 Wilderness Values (I): Aesthetic and Scientific Rhetoric in Mark Hume's River of the Angry Moon; 5 Wilderness Values (II): Protection and Exploitation in Julia Leigh's The Hunter; 6 Wilderness Survival: Future Natures in Margaret Atwood's Oryx and Crake; Epilogue 327 $aNotesWorks Cited; Index 330 $aThe concept of 'wilderness' as a foundational idea for environmentalist thought has become the subject of vigorous debates. Myths of Wilderness in Contemporary Narratives offers a taxonomy of the forms that wilderness writing has taken in Australian and Canadian literature, re-emphasizing both country's origins as colonies. 410 0$aLiteratures, Cultures, and the Environment 606 $aLiterature    606 $aLiterature?Philosophy 606 $aCulture?Study and teaching 606 $aLiterature, Modern?20th century 606 $aEnvironment 606 $aPostcolonial/World Literature$3https://scigraph.springernature.com/ontologies/product-market-codes/838000 606 $aLiterary Theory$3https://scigraph.springernature.com/ontologies/product-market-codes/812000 606 $aCultural Theory$3https://scigraph.springernature.com/ontologies/product-market-codes/411130 606 $aCultural and Media Studies, general$3https://scigraph.springernature.com/ontologies/product-market-codes/400000 606 $aTwentieth-Century Literature$3https://scigraph.springernature.com/ontologies/product-market-codes/822000 606 $aEnvironment, general$3https://scigraph.springernature.com/ontologies/product-market-codes/U00009 615 0$aLiterature   . 615 0$aLiterature?Philosophy. 615 0$aCulture?Study and teaching. 615 0$aLiterature, Modern?20th century. 615 0$aEnvironment. 615 14$aPostcolonial/World Literature. 615 24$aLiterary Theory. 615 24$aCultural Theory. 615 24$aCultural and Media Studies, general. 615 24$aTwentieth-Century Literature. 615 24$aEnvironment, general. 676 $a808.8032 676 $a820.9/994 676 $a820.9994 700 $aCrane$b K$4aut$4http://id.loc.gov/vocabulary/relators/aut$01506734 906 $aBOOK 912 $a9910786065203321 996 $aMyths of Wilderness in Contemporary Narratives$93737103 997 $aUNINA LEADER 01036nam0 22002651i 450 001 UON00074109 005 20231205102402.573 100 $a20020107d1993 |0itac50 ba 101 $aeng 102 $aPL 105 $a|||| ||||| 200 1 $aOriental software list$fCompiled by Janusz Krzywicki 210 $aWarszawa$cInstitute of Oriental Studies, Warsaw University$d1993 215 $a143 p.$d21 cm 606 $aProgrammazione (Informatica)$xLinguaggi$3UONC020866$2FI 620 $aPL$dWarszawa$3UONL000573 676 $a055.13$cPROGRAMMAZIONE (Informatica) - Linguaggi$v21 702 1$aKRZYWICKI$bJanusz$3UONV047619 712 $aInstitute of Oriental Studies$3UONV257718$4650 801 $aIT$bSOL$c20250919$gRICA 899 $aSIBA - SISTEMA BIBLIOTECARIO DI ATENEO$2UONSI 912 $aUON00074109 950 $aSIBA - SISTEMA BIBLIOTECARIO DI ATENEO$dSI XVIII 008 $eSI AA 17578 5 008 996 $aOriental software list$91164497 997 $aUNIOR